Les nommés au Ballon d'Or depuis 2010 - Statistiques

Statistiques générales
  • Ce quiz a été pris 6 583 fois
    5 834 depuis la dernière actualisation
  • Le résultat moyen est 53 sur 132
Statistiques - réponses
Joueur Pays Nominé en % Correct
Lionel Messi Argentine 2010 - 2011 - 2012 - 2013 - 2014 - 2015 - 2016 - 2017 - 2018 - 2019 - 2021
94%
Cristiano Ronaldo Portugal 2010 - 2011 - 2012 - 2013 - 2014 - 2015 - 2016 - 2017 - 2018 - 2019 - 2021 - 2022
89%
Ryiad Mahrez Algérie 2016 - 2019 - 2021 - 2022
87%
Neymar Brésil 2011 - 2012 - 2013 - 2014 - 2015 - 2016 - 2017 - 2018 - 2021
83%
Kylian Mbappé France 2017 - 2018 - 2019 - 2021 - 2022
81%
Manuel Neuer Allemagne 2012 - 2013 - 2014 - 2015 - 2016
81%
Karim Benzema France 2011 - 2012 - 2014 - 2015 - 2017 - 2018 - 2019 - 2021 - 2022
79%
Luka Modric Croatie 2016 - 2017 - 2018 - 2021 - 2022
79%
Thomas Müller Allemagne 2010 - 2011 - 2013 - 2014 - 2015 - 2016
78%
Andres Iniesta Espagne 2010 - 2011 - 2012 - 2013 - 2014 - 2015 - 2016
76%
Xavi Espagne 2010 - 2011 - 2012 - 2013
76%
Antoine Griezmann France 2016 - 2017 - 2018 - 2019
75%
Kevin De Bruyne Belgique 2015 - 2016 - 2017 - 2018 - 2019 - 2021 - 2022
73%
Mohamed Salah Egypte 2018 - 2019 - 2021 - 2022
70%
Luis Suarez Uruguay 2011 - 2013 - 2015 - 2016 - 2017 - 2018 - 2021
68%
Son Heung-Min Corée du Sud 2019 - 2022
68%
Sadio Mané Sénégal 2017 - 2018 - 2019 - 2022
67%
Eden Hazard Belgique 2013 - 2014 - 2015 - 2017 - 2018 - 2019
66%
Franck Ribéry France 2013
66%
Robert Lewandowski Pologne 2013 - 2015 - 2016 - 2017 - 2019 - 2021 - 2022
66%
Harry Kane Angleterre 2017 - 2018 - 2021 - 2022
65%
Paul Pogba France 2014 - 2015 - 2016 - 2018
64%
Bernardo Silva Portugal 2019 - 2022
63%
Thibaut Courtois Belgique 2014 - 2018 - 2022
63%
Erling Haaland Norvège 2021 - 2022
61%
Sergio Ramos Espagne 2012 - 2014 - 2016 - 2017 - 2018
61%
N'Golo Kanté France 2017 - 2018 - 2021
60%
Toni Kroos Allemagne 2014 -2015 -2016 - 2017
60%
Raphaël Varane France 2018
59%
Thiago Silva Brésil 2013
59%
Virgil Van Dijk Pays-Bas 2019 - 2022
59%
Zlatan Ibrahimovic Suède 2012 - 2013 - 2014 - 2015 - 2016
59%
Edinson Cavani Uruguay 2013 - 2017 - 2018
57%
James Rodriguez Colombie 2014 - 2015
57%
Romelu Lukaku Belgique 2021
57%
Didier Drogba Côte d'Ivoire 2010 - 2012
56%
Gareth Bale Pays de Galles 2013 - 2014 - 2015 - 2016 - 2018
56%
Hugo Lloris France 2016 - 2018 - 2019
54%
Angel Di Maria Argentine 2014
52%
Alexis Sanchez Chili 2015
49%
Gérard Piqué Espagne 2011 - 2012
49%
Arjen Robben Pays-Bas 2010 - 2013 - 2014 - 2015
48%
Pierre-Emerick Aubameyang Gabon 2016 - 2017 - 2019
48%
Samuel Eto'o Cameroun 2010 - 2011
48%
Vinicius Jr. Brésil 2022
48%
Mario Götze Allemagne 2014
46%
Philip Lahm Allemagne 2010 - 2013 - 2014
46%
Edin Dzeko Bosnie-Herzégovine 2017
45%
Joshua Kimmich Allemagne 2022
45%
Arturo Vidal Chili 2015 - 2016
44%
Jorginho Italie 2021
44%
Pepe Portugal 2016
44%
David Villa Espagne 2010 - 2011
43%
Gianluigi Buffon Italie 2012 - 2016 - 2017
43%
Iker Casillas Espagne 2010 - 2011 - 2012
43%
Sergio Agüero Argentine 2011 - 2012 - 2015 - 2016 - 2018 - 2019
43%
Sergio Busquets Espagne 2012
43%
Ivan Rakitic Croatie 2015 - 2018
42%
Marcelo Brésil 2017 - 2018
41%
Daniel Alves Brésil 2010 - 2011
40%
Mats Hummels Allemagne 2017
39%
Miroslav Klose Allemagne 2010
38%
Radamel Falcao Colombie 2012 - 2013 - 2017
38%
Carles Puyol Espagne 2010
37%
Frenkie De Jong Pays-Bas 2019
37%
Mesut Özil Allemagne 2010 - 2011 - 2012 - 2013
37%
Yaya Touré Côte d'Ivoire 2012 - 2013 - 2014 - 2015
36%
Casemiro Brésil 2022
35%
Paulo Dybala Argentine 2016 - 2017
35%
Pedri Espagne 2021
35%
Marquinhos Brésil 2019
34%
Diego Forlan Uruguay 2010 - 2011
33%
Gonzalo Higuain Argentine 2016
33%
Lautaro Martinez Argentine 2021
33%
Mario Mandzukic Croatie 2018
33%
Gianluigi Donnarumma Italie 2021
32%
Giorgio Chiellini Italie 2021
32%
Raheem Sterling Angleterre 2019 - 2021
32%
Wayne Rooney Angleterre 2011 - 2012
32%
Leonardo Bonucci Italie 2017 - 2021
31%
Robin Van Persie Pays-Bas 2012 - 2013
31%
Phil Foden Angleterre 2021 - 2022
30%
Jan Oblak Slovénie 2017 - 2018
29%
Becker Alisson Brésil 2018 - 2019
28%
Dimitri Payet France 2016
28%
Marc-André Ter Stegen Allemagne 2019
28%
Matthijs De Ligt Pays-Bas 2019
28%
Diego Godin Uruguay 2016 - 2018
27%
Roberto Firmino Brésil 2018 - 2019
26%
Rúben Dias Portugal 2021
26%
Bastian Schweinsteiger Allemagne 2010 - 2011 - 2013 - 2014
25%
Wesley Sneijder Pays-Bas 2010 - 2011
25%
Xabi Alonso Espagne 2010 - 2011 -2012
24%
Andrea Pirlo Italie 2012 - 2013
23%
Bruno Fernandes Portugal 2021
23%
Simon Kjær Danemark 2021
23%
Trent Alexander-Arnold Angleterre 2019 - 2022
23%
Antonio Rüdiger Allemagne 2022
22%
Darwin Nuñez Uruguay 2022
22%
Javier Mascherano Argentine 2014 - 2015
22%
João Félix Portugal 2019
22%
Rafael Leao Portugal 2022
22%
João Cancelo Portugal 2022
21%
Kalidou Koulibaly Sénégal 2019
21%
Luis Diaz Colombie 2022
20%
Philippe Coutinho Brésil 2017
20%
Mike Maignan France 2022
19%
Christopher Nkunku France 2022
18%
Dušan Vlahović Serbie 2022
18%
Nani Portugal 2011
18%
Mario Balotelli Italie 2012
17%
Sébastien Haller Côte d'Ivoire 2022
17%
David de Gea Espagne 2017
16%
Dušan Tadić Serbie 2019
16%
Fabinho Brésil 2022
16%
Jamie Vardy Angleterre 2016
16%
Cesc Fabregas Espagne 2010 - 2011
15%
Diego Costa Espagne 2014
15%
Dries Mertens Belgique 2017
15%
Isco Espagne 2017 - 2018
15%
Mason Mount Angleterre 2021
14%
Rui Patricio Portugal 2016
14%
Asamoah Gyan Ghana 2010
12%
Nicolò Barella Italie 2021
12%
Donny Van De Beek Pays-Bas 2019
10%
Eric Abidal France 2011
10%
Georginio Wijnaldum Pays-Bas 2019
9%
Julio César Brésil 2010
7%
Koke Espagne 2016
7%
Maicon Brésil 2010
7%
César Azpilicueta Espagne 2021
6%
Gerard Moreno Espagne 2021
4%
Aucun quiz correspondant
Distribution des résultats
% des personnes avec chaque résultat
Percentile par nombre de réponses
Votre historique - résultats
Vous n’avez pas pris ce quiz depuis la dernière actualisation